|
|
|
|
| LEADER |
00000nab a2200000 a 4500 |
| 001 |
vtls008876579 |
| 003 |
SK-MaSNL |
| 005 |
20260304134432.0 |
| 008 |
250505c2006 xo 0 slo |
| 015 |
|
|
|a SNBCL2005/5
|
| 035 |
|
|
|a SLK038047
|
| 035 |
|
|
|a urn:nbn:sk:snk-abyo3
|
| 035 |
|
|
|a (urnnbn)urn:nbn:sk:snk:ar-a03im3
|
| 035 |
|
|
|a (uuid)31333920-fa65-491b-a8db-52795ca213e3
|
| 040 |
|
|
|a SNKBUCL
|b slo
|c SNKBUCL
|e AACR2
|
| 041 |
0 |
|
|a eng
|
| 044 |
|
|
|a xo
|c SK
|
| 080 |
|
|
|a 577.352:61:53:061.3
|2 1981
|
| 100 |
1 |
|
|a Legíň, Michal
|4 aut
|9 40705
|
| 245 |
1 |
0 |
|a Voltage dependence of membrane capacitance at solid/liquid interface
|c M. Legin, G. Laputkova, J. Sabo
|
| 650 |
0 |
7 |
|a membrány
|x fyziológia
|2 MESH
|9 1452327
|
| 650 |
0 |
7 |
|a kapacitancia elektrická
|2 MESH
|9 1452328
|
| 650 |
0 |
7 |
|a elektrochémia
|2 MESH
|9 50238
|
| 650 |
0 |
7 |
|a abstrakty z kongresu
|2 MESH
|9 168204
|
| 700 |
1 |
|
|a Laputková, Galina
|4 aut
|9 39684
|
| 700 |
1 |
|
|a Sabo, Ján
|4 aut
|9 6090
|
| 773 |
0 |
|
|t Bratislavské lekárske listy/Bratislava medical journal
|g Vol. 107, no. 4 (2006), s. 159-160
|x 0006-9248
|
| 850 |
|
|
|a Slovenská národná knižnica
|
| 852 |
|
|
|a Slovenská národná knižnica
|
| 958 |
|
|
|a article27
|
| 958 |
|
|
|a OND
|
| 958 |
|
|
|a EUIPO
|
| 999 |
|
|
|c 2906827
|d 2908757
|